| 000 | 00373nam a2200145Ia 4500 | ||
|---|---|---|---|
| 008 | 230917s9999||||xx |||||||||||||| ||und|| | ||
| 040 |
_e77919 _aMAIN |
||
| 041 | _aEnglish | ||
| 082 | _a346.0434 M295S | ||
| 100 | _aMalik, Surendra | ||
| 245 | 0 | _aSupreme court on rent control and eviction | |
| 260 |
_aLucknow _bEastern Book _c1992 |
||
| 300 | _axxx, 572 p. | ||
| 942 | _cBK | ||
| 999 |
_c76357 _d76357 |
||